| 000 | 00413nam a2200169 a 4500 | ||
|---|---|---|---|
| 001 | 4140 | ||
| 005 | 20140414131932.0 | ||
| 008 | 090218s19uu xx 00 eng d | ||
| 020 | _a | ||
| 050 |
_aREF 031.02 _bW62 2004 |
||
| 245 |
_aWho hid inside a horse? : _bAsk me why ancient times. |
||
| 250 | _a | ||
| 260 |
_aUK : _bMiles Kelly, _c2002. |
||
| 440 | _aAsk me why | ||
| 650 | _aAncient | ||
| 999 |
_c112252 _d112252 |
||